000 01052nam a2200313Ia 4500
003 OSt
005 20221007122225.0
006 a|||||r|||| 00| 0
007 ta
008 221006b |||||||| |||| 00| 0 eng d
020 _a9780120887613 (hbd)
024 _a79923
037 _b2253, 13/12/2007, Unilib Book Distributors
_cTextual
040 _aPAPL
_cPAPL
_beng
041 _2eng
_aeng
082 _aC6:21, P7 Carpa
100 _aPoole Charles P
_9450467
245 0 _aSuperconductivity
_b Farach Horacio Creswick Richard J
250 _a2
260 _aAmsterdam
_bAcademic Press
_c2007
300 _axxiii,646p.
_ccm.
500 _aBibliographical references 583-632p; Index 633-646p
650 _a Superconductivity
_9642647
650 _aPhysics
700 _a Creswick Richard J
_9713738
700 _a Farach Horacio
_9713739
942 _hC6:21, P7 Carpa
_cTEXL
_2CC
999 _c1209970
_d1209970